<?xml version="1.0" encoding="UTF-8"?><?xml-stylesheet type="text/xsl" href="static/style.xsl"?><OAI-PMH xmlns="http://www.openarchives.org/OAI/2.0/" xmlns:xsi="http://www.w3.org/2001/XMLSchema-instance" xsi:schemaLocation="http://www.openarchives.org/OAI/2.0/ http://www.openarchives.org/OAI/2.0/OAI-PMH.xsd"><responseDate>2026-04-17T19:01:43Z</responseDate><request verb="GetRecord" identifier="oai:www.recercat.cat:10256/24442" metadataPrefix="marc">https://recercat.cat/oai/request</request><GetRecord><record><header><identifier>oai:recercat.cat:10256/24442</identifier><datestamp>2024-06-14T09:45:26Z</datestamp><setSpec>com_2072_452955</setSpec><setSpec>com_2072_2054</setSpec><setSpec>col_2072_453064</setSpec></header><metadata><record xmlns="http://www.loc.gov/MARC21/slim" xmlns:dcterms="http://purl.org/dc/terms/" xmlns:xsi="http://www.w3.org/2001/XMLSchema-instance" xmlns:doc="http://www.lyncode.com/xoai" xsi:schemaLocation="http://www.loc.gov/MARC21/slim http://www.loc.gov/standards/marcxml/schema/MARC21slim.xsd">
   <leader>00925njm 22002777a 4500</leader>
   <datafield ind2=" " ind1=" " tag="042">
      <subfield code="a">dc</subfield>
   </datafield>
   <datafield ind2=" " ind1=" " tag="720">
      <subfield code="a">Martí, Sadurní</subfield>
      <subfield code="e">author</subfield>
   </datafield>
   <datafield ind2=" " ind1=" " tag="260">
      <subfield code="c">2017-12</subfield>
   </datafield>
   <datafield ind2=" " ind1=" " tag="520">
      <subfield code="a">Bien que Joan de Castellnou, avec Ramon de Cornet, soit l'un des auteurs les plus remarquables du corpus de la lyrique occitano-catalane de la première moitié du xive siècle, il n'en est pas pour autant le troubadour le mieux connu. Son  uvre lyrique, abondante et variée, est copiée dans un codex emblématique de la tradition catalane, le chansonnier Sg, qui témoigne de son succès en Catalogne. Il est aussi l'auteur de traités théoriques sur la composition poétique, qui reflètent sa formation académique et sa relation avec les cénacles culturels les plus importants. Malgré ces éléments d'envergure, nous manquons encore d'une étude approfondie sur l' uvre des poètes de cette période qui puisse en révéler la relation avec les tendances contemporaines et l'influence sur la postérité littéraire. Dans cet article nous nous occuperons d'un aspect qui s'avère tout à fait prioritaire par rapport à toute autre analyse, à savoir l'identité de Joan de Castellnou. On dispose à présent d'un bon nombre de données, y compris des documents archivistiques, qui permettront de reconstruire sur des bases solides un profil à la fois biographique et professionnel</subfield>
   </datafield>
   <datafield ind1="8" ind2=" " tag="024">
      <subfield code="a">http://hdl.handle.net/10256/24442</subfield>
   </datafield>
   <datafield tag="653" ind2=" " ind1=" ">
      <subfield code="a">Castellnou, Joan de, actiu segle XIV</subfield>
   </datafield>
   <datafield tag="653" ind2=" " ind1=" ">
      <subfield code="a">Literatura occitana</subfield>
   </datafield>
   <datafield tag="653" ind2=" " ind1=" ">
      <subfield code="a">Occitan literature</subfield>
   </datafield>
   <datafield tag="653" ind2=" " ind1=" ">
      <subfield code="a">Literatura--Història i crítica</subfield>
   </datafield>
   <datafield tag="653" ind2=" " ind1=" ">
      <subfield code="a">Literature--History and criticism</subfield>
   </datafield>
   <datafield ind2="0" ind1="0" tag="245">
      <subfield code="a">Joan de Castellnou, revisité: notes biographiques</subfield>
   </datafield>
</record></metadata></record></GetRecord></OAI-PMH>